| 000 | 00432nam a2200181Ia 4500 | ||
|---|---|---|---|
| 001 | 11480 | ||
| 005 | 20260306162831.0 | ||
| 008 | 260306t1986||||xx |||||||||||||| ||spa|| | ||
| 041 | _aESP | ||
| 082 |
_a985.06 _bT42 |
||
| 100 |
_aWu Brading, Celia _eAUT |
||
| 245 | 0 | _aTestimonios británicos de la ocupación Chilena de Lima | |
| 260 | _c1986 | ||
| 300 |
_a _c |
||
| 650 | _aGEN | ||
| 654 | _aCHU | ||
| 942 |
_cLIB _dJUS _fJUS _2ddc _n |
||
| 999 |
_c11480 _d11480 |
||